[Event "15. Obert Internacional Pobla de Lillet"]
[Site "Pobla de Lillet ESP"]
[Date "2005.08.04"]
[Round "3.11"]
[White "Pascual Genoves, Marc"]
[Black "Arias Castañedo, Jacinto"]
[Result "1-0"]
[WhiteElo "2246"]
[BlackElo "2190"]
[PlyCount "73"]
[EventDate "2005.08.02"]
[EventType "swiss"]
[EventRounds "9"]
[EventCountry "ESP"]
[SourceTitle "Ajedrez en Madrid"]
[Source "lmi"]
[SourceDate "2005.08.11"]
[SourceVersion "1"]
[SourceVersionDate "2020.06.30"]
[SourceQuality "1"]

1. e4 c5 2. Nc3 g6 3. Nf3 Bg7 4. g3 Nc6 5. Bg2 d6 6. O-O Nf6 7. d3 O-O 8. h3 a6
9. Be3 Qc7 10. Qd2 Rd8 11. d4 cxd4 12. Nxd4 Nxd4 13. Bxd4 e5 14. Be3 b5 15. f4
Bb7 16. Qf2 Rd7 17. a3 Qc4 18. Qf3 Re8 19. Rae1 d5 20. fxe5 Nxe4 21. Qg4 Rde7
22. Nxe4 dxe4 23. Rd1 Rxe5 24. Rd4 Qc8 25. Qh4 Rh5 26. Qf4 Rf5 27. Qh4 Rxf1+
28. Bxf1 Qxc2 29. Rd8 Qc6 30. Bg2 f6 31. Bxe4 Rxd8 32. Bxc6 Bxc6 33. Qb4 f5 34.
Qc5 Be4 35. Qe7 Rd1+ 36. Kf2 Bxb2 37. Bh6 1-0

[Event "15. Obert Internacional Pobla de Lillet"]
[Site "Pobla de Lillet ESP"]
[Date "2005.08.04"]
[Round "3.13"]
[White "Corriguelas Armillas, Frederic"]
[Black "Burmakin, Vladimir"]
[Result "0-1"]
[WhiteElo "2008"]
[BlackElo "2558"]
[PlyCount "42"]
[EventDate "2005.08.02"]
[EventType "swiss"]
[EventRounds "9"]
[EventCountry "ESP"]
[SourceTitle "Ajedrez en Madrid"]
[Source "lmi"]
[SourceDate "2005.08.11"]
[SourceVersion "1"]
[SourceVersionDate "2020.06.30"]
[SourceQuality "1"]

1. e4 c6 2. d4 d5 3. Nd2 Nh6 4. Ngf3 g6 5. Be2 Bg7 6. O-O O-O 7. c4 dxe4 8.
Nxe4 Nf5 9. d5 b6 10. Bg5 Bxb2 11. Rb1 Bg7 12. d6 Nxd6 13. Bxe7 Qxe7 14. Nxd6
Be6 15. Qd2 Na6 16. Rbd1 Rad8 17. Qg5 Bf6 18. Qg3 Nc5 19. h4 Rd7 20. Ng5 Bxg5
21. hxg5 Rfd8 0-1

[Event "15. Obert Internacional Pobla de Lillet"]
[Site "Pobla de Lillet ESP"]
[Date "2005.08.04"]
[Round "3.15"]
[White "Ayza Casamitjana, Antoni"]
[Black "Garcia Galeote, Lorenzo"]
[Result "0-1"]
[WhiteElo "1954"]
[BlackElo "2110"]
[PlyCount "82"]
[EventDate "2005.08.02"]
[EventType "swiss"]
[EventRounds "9"]
[EventCountry "ESP"]
[SourceTitle "Ajedrez en Madrid"]
[Source "lmi"]
[SourceDate "2005.08.11"]
[SourceVersion "1"]
[SourceVersionDate "2020.06.30"]
[SourceQuality "1"]

1. e4 Nc6 2. d4 d5 3. e5 Bf5 4. c3 f6 5. f4 e6 6. Nf3 Be7 7. Be2 Nh6 8. O-O O-O
9. Nbd2 Nb8 10. b4 a5 11. b5 c5 12. a4 Nd7 13. Nh4 fxe5 14. Nxf5 Nxf5 15. Nf3
exd4 16. cxd4 cxd4 17. g4 Ne3 18. Bxe3 dxe3 19. f5 Qb6 20. Rc1 Rad8 21. Nd4 Nc5
22. Rxc5 Bxc5 23. Nxe6 Rd6 24. Nxf8 Kxf8 25. Kg2 Qd8 26. Rf3 Rh6 27. Qd3 Qd6
28. Rg3 Qe5 29. g5 Rh4 30. f6 g6 31. Bf3 Rd4 32. Qf1 Rd2+ 33. Be2 Qe4+ 34. Kh3
d4 35. Qc1 Rc2 36. Qf1 Qf5+ 37. Qxf5 gxf5 38. Bd3 Rd2 39. Bxf5 e2 40. Bxh7 e1=Q
41. g6 Qe6+ 0-1

[Event "15. Obert Internacional Pobla de Lillet"]
[Site "Pobla de Lillet ESP"]
[Date "2005.08.04"]
[Round "3.33"]
[White "Parayre Soguero, Jordi"]
[Black "Goldschmidt, Andreas"]
[Result "0-1"]
[WhiteElo "1997"]
[BlackElo "1900"]
[PlyCount "78"]
[EventDate "2005.08.02"]
[EventType "swiss"]
[EventRounds "9"]
[EventCountry "ESP"]
[SourceTitle "Ajedrez en Madrid"]
[Source "lmi"]
[SourceDate "2005.08.11"]
[SourceVersion "1"]
[SourceVersionDate "2020.06.30"]
[SourceQuality "1"]

1. d4 g6 2. Nf3 Bg7 3. c4 c5 4. d5 b5 5. cxb5 a6 6. bxa6 Bxa6 7. Nc3 d6 8. e4
Bxf1 9. Kxf1 Nd7 10. g3 Ngf6 11. Kg2 Qb6 12. Re1 Ng4 13. h3 Nge5 14. Nxe5 Nxe5
15. f4 Nc4 16. Qc2 O-O 17. a4 Qb4 18. Re2 Rfb8 19. Qd3 Qb3 20. Qc2 Nxb2 21.
Bxb2 Qxb2 22. Qxb2 Rxb2 23. Rxb2 Bxc3 24. Rbb1 Bxa1 25. Rxa1 Ra5 26. Kf3 Kf8
27. Ke3 Ke8 28. Kd3 Kd7 29. Kc4 Kc7 30. Kb3 Kb6 31. Rb1 Ra8 32. Kc4+ Kc7 33.
Ra1 Rb8 34. Ra3 Rb4+ 35. Kd3 Kb6 36. a5+ Ka6 37. g4 f5 38. gxf5 gxf5 39. e5
Rxf4 0-1

[Event "15. Obert Internacional Pobla de Lillet"]
[Site "Pobla de Lillet ESP"]
[Date "2005.08.05"]
[Round "4.1"]
[White "Kosten, Anthony C"]
[Black "Alonso Moyano, Jonathan"]
[Result "1/2-1/2"]
[WhiteElo "2522"]
[BlackElo "2406"]
[PlyCount "35"]
[EventDate "2005.08.02"]
[EventType "swiss"]
[EventRounds "9"]
[EventCountry "ESP"]
[SourceTitle "Ajedrez en Madrid"]
[Source "lmi"]
[SourceDate "2005.08.11"]
[SourceVersion "1"]
[SourceVersionDate "2020.06.30"]
[SourceQuality "1"]

1. Nf3 f5 2. d3 d6 3. e4 e5 4. Nc3 Nf6 5. exf5 Bxf5 6. d4 Nbd7 7. Nh4 Be6 8. d5
Bf7 9. g3 c6 10. dxc6 bxc6 11. Bg2 d5 12. O-O Be7 13. Nf5 O-O 14. Nxe7+ Qxe7
15. b3 Rfe8 16. Bb2 Bh5 17. Qd2 e4 18. Ne2 1/2-1/2

[Event "15. Obert Internacional Pobla de Lillet"]
[Site "Pobla de Lillet ESP"]
[Date "2005.08.05"]
[Round "4.2"]
[White "Hanley, Craig"]
[Black "Hebden, Mark"]
[Result "1-0"]
[WhiteElo "2367"]
[BlackElo "2510"]
[PlyCount "93"]
[EventDate "2005.08.02"]
[EventType "swiss"]
[EventRounds "9"]
[EventCountry "ESP"]
[SourceTitle "Ajedrez en Madrid"]
[Source "lmi"]
[SourceDate "2005.08.11"]
[SourceVersion "1"]
[SourceVersionDate "2020.06.30"]
[SourceQuality "1"]

1. d4 Nf6 2. Nf3 g6 3. c4 Bg7 4. Nc3 O-O 5. g3 d6 6. Bg2 Nc6 7. O-O Rb8 8. b3
Bg4 9. h3 Bxf3 10. Bxf3 Nd7 11. Be3 e5 12. d5 Nd4 13. Bg2 c5 14. dxc6 bxc6 15.
Bc1 Qa5 16. Bd2 Qa6 17. Rb1 Nf6 18. Bg5 Qa5 19. Rc1 Qc7 20. e3 Nf5 21. g4 Ne7
22. Bxf6 Bxf6 23. Ne4 Bg7 24. Qxd6 Qxd6 25. Nxd6 f5 26. gxf5 gxf5 27. e4 f4 28.
c5 f3 29. Bh1 Rf6 30. Rc3 Rbf8 31. Rd1 Ng6 32. Nf5 Rxf5 33. exf5 e4 34. Rc4 Nf4
35. Rxe4 Ne2+ 36. Kf1 Nc3 37. Bxf3 Nxd1 38. Bxd1 Rxf5 39. b4 Bc3 40. Bg4 Re5
41. Rc4 Bd2 42. Bd7 a5 43. bxa5 Bxa5 44. Bxc6 Kf8 45. Be4 Rh5 46. c6 Rh4 47. f3
1-0

[Event "15. Obert Internacional Pobla de Lillet"]
[Site "Pobla de Lillet ESP"]
[Date "2005.08.05"]
[Round "4.3"]
[White "Granero Roca, Antonio"]
[Black "Movsziszian, Karen"]
[Result "0-1"]
[WhiteElo "2342"]
[BlackElo "2439"]
[PlyCount "136"]
[EventDate "2005.08.02"]
[EventType "swiss"]
[EventRounds "9"]
[EventCountry "ESP"]
[SourceTitle "Ajedrez en Madrid"]
[Source "lmi"]
[SourceDate "2005.08.11"]
[SourceVersion "1"]
[SourceVersionDate "2020.06.30"]
[SourceQuality "1"]

1. d4 d6 2. Nf3 g6 3. c4 f5 4. g3 Nf6 5. Bg2 Bg7 6. Nc3 O-O 7. O-O Nc6 8. d5
Na5 9. Nd2 c5 10. a3 Bd7 11. Rb1 a6 12. b3 b5 13. Bb2 Rb8 14. Qc2 Qe8 15. cxb5
axb5 16. b4 cxb4 17. axb4 Nc4 18. Nxc4 bxc4 19. Bc1 Rb7 20. Rd1 Qb8 21. Na2 Rc8
22. Be3 Ng4 23. Bd4 Bxd4 24. Rxd4 Qa7 25. e3 Ne5 26. h3 c3 27. Nc1 Nc4 28. Qa2
c2 29. Ra1 Qxa2 30. Rxa2 Nb6 31. Bf1 Rbc7 32. Bd3 Rc3 33. Ra7 Kf7 34. Kg2 Ke8
35. f3 Na4 36. Rxd7 Kxd7 37. Bb5+ Kd8 38. Bxa4 Rxe3 39. Kf2 Ra3 40. Bc6 Ra1 41.
Ne2 c1=Q 42. Nxc1 Rxc1 43. b5 Kc7 44. Ra4 Kb6 45. Ra6+ Kc5 46. Ra7 Rf8 47. Rxe7
f4 48. gxf4 Rxf4 49. Kg3 g5 50. Rxh7 Rc3 51. Rh5 Rfxf3+ 52. Kg4 Rg3+ 53. Kf5
Rce3 54. Kf6 Re5 55. Rh8 g4 56. hxg4 Rxg4 57. Rh1 Rf4+ 58. Kg6 Re2 59. Rh5 Rb2
60. Rf5 Rh4 61. Kf6 Rh6+ 62. Kg7 Rbh2 63. Rg5 Rh7+ 64. Kg6 R2h6+ 65. Kf5 Rf7+
66. Kg4 Rh1 67. Be8 Rf8 68. Bc6 Rf7 0-1

[Event "15. Obert Internacional Pobla de Lillet"]
[Site "Pobla de Lillet ESP"]
[Date "2005.08.05"]
[Round "4.4"]
[White "Bernal Moro, Luis Javier"]
[Black "Moskalenko, Viktor"]
[Result "1/2-1/2"]
[WhiteElo "2431"]
[BlackElo "2534"]
[PlyCount "78"]
[EventDate "2005.08.02"]
[EventType "swiss"]
[EventRounds "9"]
[EventCountry "ESP"]
[SourceTitle "Ajedrez en Madrid"]
[Source "lmi"]
[SourceDate "2005.08.11"]
[SourceVersion "1"]
[SourceVersionDate "2020.06.30"]
[SourceQuality "1"]

1. Nf3 Nf6 2. c4 e6 3. Nc3 c5 4. e4 d6 5. d4 cxd4 6. Nxd4 Be7 7. Be2 O-O 8. O-O
a6 9. Be3 b6 10. Qd2 Bb7 11. f3 Nbd7 12. Kh1 Qc7 13. Rfc1 Rac8 14. Rab1 Qb8 15.
b4 Bd8 16. Rc2 Re8 17. Bg1 h5 18. b5 a5 19. Nc6 Bxc6 20. bxc6 Rxc6 21. c5 dxc5
22. Bb5 Rd6 23. Qe2 e5 24. Nd1 Bc7 25. Ne3 Rd4 26. Nc4 Re7 27. Bxd4 exd4 28.
Bxd7 Nxd7 29. Nxa5 Re6 30. Nb3 Qd8 31. Qf2 Ne5 32. Rd1 Qd6 33. g3 h4 34. Nc1
hxg3 35. hxg3 Rf6 36. f4 Ng4 37. Qf3 Ne3 38. Rh2 Nxd1 39. e5 Qc6 1/2-1/2

[Event "15. Obert Internacional Pobla de Lillet"]
[Site "Pobla de Lillet ESP"]
[Date "2005.08.05"]
[Round "4.5"]
[White "Petkov, Vladimir"]
[Black "Pascual Genoves, Marc"]
[Result "1-0"]
[WhiteElo "2475"]
[BlackElo "2246"]
[PlyCount "69"]
[EventDate "2005.08.02"]
[EventType "swiss"]
[EventRounds "9"]
[EventCountry "ESP"]
[SourceTitle "Ajedrez en Madrid"]
[Source "lmi"]
[SourceDate "2005.08.11"]
[SourceVersion "1"]
[SourceVersionDate "2020.06.30"]
[SourceQuality "1"]

1. d4 d6 2. c4 g6 3. Nc3 Bg7 4. e4 Nf6 5. Nf3 O-O 6. Be2 c5 7. O-O Nc6 8. d5
Na5 9. Bg5 h6 10. Bd2 e5 11. Qc2 b6 12. g3 Qe7 13. Nh4 Nh7 14. Rae1 Ng5 15. f3
Nh3+ 16. Kh1 Bd7 17. b3 Nb7 18. Bd3 h5 19. Ng2 Rae8 20. Nd1 Nd8 21. f4 h4 22.
f5 hxg3 23. hxg3 Ng5 24. Nde3 Nh7 25. Nh4 g5 26. Nf3 f6 27. Kg2 Rf7 28. Rh1 Bc8
29. Rh5 Bf8 30. Reh1 Rg7 31. Nh2 Nf7 32. Nhg4 Qd8 33. R1h3 Be7 34. Qd1 Nf8 35.
Qh1 1-0

[Event "15. Obert Internacional Pobla de Lillet"]
[Site "Pobla de Lillet ESP"]
[Date "2005.08.05"]
[Round "4.6"]
[White "Pogorelov, Ruslan"]
[Black "Camacho Collados, Jose"]
[Result "1-0"]
[WhiteElo "2442"]
[BlackElo "2236"]
[PlyCount "85"]
[EventDate "2005.08.02"]
[EventType "swiss"]
[EventRounds "9"]
[EventCountry "ESP"]
[SourceTitle "Ajedrez en Madrid"]
[Source "lmi"]
[SourceDate "2005.08.11"]
[SourceVersion "1"]
[SourceVersionDate "2020.06.30"]
[SourceQuality "1"]

1. Nf3 Nf6 2. c4 g6 3. Nc3 Bg7 4. e4 d6 5. d4 O-O 6. Be2 Na6 7. O-O e5 8. Be3
Ng4 9. Bg5 Qe8 10. c5 f6 11. Bxa6 bxa6 12. Bh4 dxc5 13. d5 Rb8 14. b3 f5 15.
Rc1 Nh6 16. Nd2 fxe4 17. Ndxe4 Rb4 18. Bg5 c4 19. bxc4 Rxc4 20. Qb3 Rd4 21. Be3
Nf5 22. Rfe1 Qf7 23. Ng5 Qf6 24. d6+ Kh8 25. Nce4 Rxe4 26. Nxe4 Qh4 27. Ng5
Nxd6 28. Rxc7 h6 29. Ne6 Bxe6 30. Qxe6 Rf6 31. Qe7 Nf5 32. Rc8+ Kh7 33. Qd8 g5
34. Bxa7 Qb4 35. Rec1 Qb7 36. R8c7 Qb2 37. Qxf6 Qxc1+ 38. Rxc1 Bxf6 39. Rc6 Kg6
40. Rxa6 Ne7 41. Be3 Kf5 42. a4 Nd5 43. Rd6 1-0

[Event "15. Obert Internacional Pobla de Lillet"]
[Site "Pobla de Lillet ESP"]
[Date "2005.08.05"]
[Round "4.8"]
[White "Burmakin, Vladimir"]
[Black "Rodriguez Fontecha, Marcos"]
[Result "1-0"]
[WhiteElo "2558"]
[BlackElo "2179"]
[PlyCount "99"]
[EventDate "2005.08.02"]
[EventType "swiss"]
[EventRounds "9"]
[EventCountry "ESP"]
[SourceTitle "Ajedrez en Madrid"]
[Source "lmi"]
[SourceDate "2005.08.11"]
[SourceVersion "1"]
[SourceVersionDate "2020.06.30"]
[SourceQuality "1"]

1. d4 d5 2. Nf3 c6 3. c4 Nf6 4. e3 Bg4 5. h3 Bxf3 6. Qxf3 e6 7. Nc3 Nbd7 8. Bd3
Bd6 9. O-O O-O 10. Rd1 Qe7 11. Re1 dxc4 12. Bxc4 e5 13. Bd2 e4 14. Qf5 Nb6 15.
Bb3 Rad8 16. Rad1 Bb8 17. f3 Qc7 18. f4 Rfe8 19. Re2 Nc8 20. Be1 Nd6 21. Qg5 h6
22. Qg3 Nf5 23. Qg6 Nd6 24. Qg3 Nf5 25. Qh2 h5 26. g3 c5 27. d5 a6 28. Qg2 c4
29. Bc2 Ba7 30. Bf2 Nd6 31. g4 hxg4 32. hxg4 Qe7 33. Bh4 b5 34. Qh3 b4 35. Nb1
Rc8 36. Bg5 Qd7 37. Bxf6 gxf6 38. Qh6 Bxe3+ 39. Kh1 Bxf4 40. Qxf4 Kg7 41. Rh2
Rh8 42. Rdd2 b3 43. axb3 cxb3 44. Bxb3 Qb5 45. Bd1 e3 46. Nc3 Qc4 47. Rd4 Rxh2+
48. Kxh2 Rh8+ 49. Kg2 Qc5 50. Be2 1-0

[Event "15. Obert Internacional Pobla de Lillet"]
[Site "Pobla de Lillet ESP"]
[Date "2005.08.05"]
[Round "4.9"]
[White "Scalzi Evans, Federico"]
[Black "Baron Rodriguez, Jesus"]
[Result "0-1"]
[WhiteElo "2082"]
[BlackElo "2445"]
[PlyCount "98"]
[EventDate "2005.08.02"]
[EventType "swiss"]
[EventRounds "9"]
[EventCountry "ESP"]
[SourceTitle "Ajedrez en Madrid"]
[Source "lmi"]
[SourceDate "2005.08.11"]
[SourceVersion "1"]
[SourceVersionDate "2020.06.30"]
[SourceQuality "1"]

1. d4 d5 2. Nf3 Bf5 3. c4 e6 4. Nc3 c6 5. Qb3 Qb6 6. c5 Qc7 7. Bf4 Qc8 8. Qa4
Nd7 9. b4 a6 10. Qa5 Ne7 11. h4 Ng6 12. Bh2 h5 13. Qc7 Qxc7 14. Bxc7 Be7 15. e3
Bf6 16. g3 e5 17. Bh3 Bg4 18. Bxg4 hxg4 19. dxe5 Ngxe5 20. Nxe5 Nxe5 21. Kd2
Nf3+ 22. Kd3 Kd7 23. Bd6 g5 24. h5 Rh6 25. a4 Rah8 26. b5 Rxh5 27. bxa6 bxa6
28. Rxh5 Rxh5 29. Rb1 Rh2 30. Rb7+ Ke6 31. Nd1 Rh1 32. Rb1 Re1 33. Bf8 Be5 34.
Rc1 f5 35. Rb1 a5 36. Bh6 Kf7 37. Kc2 Rh1 38. Rb7+ Kg8 39. Ra7 Rxh6 40. Ra8+
Kf7 41. Rxa5 d4 42. Ra8 Rh1 43. exd4 Nxd4+ 44. Kd2 f4 45. a5 Nb5 46. a6 Rh8 47.
Rxh8 Bxh8 48. Kd3 Ke6 49. Ke4 Be5 0-1

[Event "15. Obert Internacional Pobla de Lillet"]
[Site "Pobla de Lillet ESP"]
[Date "2005.08.05"]
[Round "4.10"]
[White "Gallart Zafra, Jaume"]
[Black "Ayza Ballester, Jordi"]
[Result "1/2-1/2"]
[WhiteElo "2077"]
[BlackElo "2300"]
[PlyCount "96"]
[EventDate "2005.08.02"]
[EventType "swiss"]
[EventRounds "9"]
[EventCountry "ESP"]
[SourceTitle "Ajedrez en Madrid"]
[Source "lmi"]
[SourceDate "2005.08.11"]
[SourceVersion "1"]
[SourceVersionDate "2020.06.30"]
[SourceQuality "1"]

1. Nf3 c5 2. g3 g6 3. Bg2 Bg7 4. d3 Nc6 5. Nbd2 e5 6. e4 Nge7 7. Nc4 d6 8. a4
Rb8 9. Be3 b6 10. Qd2 h6 11. O-O Nd4 12. Rae1 a6 13. c3 Nxf3+ 14. Bxf3 Bh3 15.
Bg2 Bxg2 16. Kxg2 d5 17. exd5 Qxd5+ 18. f3 b5 19. axb5 axb5 20. Na3 Nf5 21.
Nxb5 Nxe3+ 22. Rxe3 O-O 23. c4 Qd7 24. Ra1 h5 25. Ree1 Rbd8 26. Red1 h4 27. Ra7
h3+ 28. Kf2 Qf5 29. Qe3 Rfe8 30. Qe4 Qf6 31. Rda1 Qg5 32. Qe3 Qh5 33. Rc7 Bh6
34. Qe2 Qf5 35. Rd1 Qf6 36. Qe4 Qa6 37. Rxc5 Qa2 38. Qe2 e4 39. dxe4 Rxd1 40.
Qxd1 Qxb2+ 41. Qe2 Qc1 42. Qe1 Be3+ 43. Qxe3 Qh1 44. Ke2 Ra8 45. Na7 Qxh2+ 46.
Qf2 Qh1 47. Qf1 Qh2+ 48. Qf2 Qh1 1/2-1/2

[Event "15. Obert Internacional Pobla de Lillet"]
[Site "Pobla de Lillet ESP"]
[Date "2005.08.05"]
[Round "4.11"]
[White "Bautista Sanchez, Joan"]
[Black "Ayza Leon, David"]
[Result "1/2-1/2"]
[WhiteElo "2250"]
[BlackElo "2078"]
[PlyCount "67"]
[EventDate "2005.08.02"]
[EventType "swiss"]
[EventRounds "9"]
[EventCountry "ESP"]
[SourceTitle "Ajedrez en Madrid"]
[Source "lmi"]
[SourceDate "2005.08.11"]
[SourceVersion "1"]
[SourceVersionDate "2020.06.30"]
[SourceQuality "1"]

1. c4 Nf6 2. Nf3 g6 3. g3 Bg7 4. Bg2 O-O 5. O-O d6 6. Nc3 Nc6 7. d3 e5 8. Rb1
a5 9. a3 h6 10. b4 axb4 11. axb4 Ne7 12. Qb3 c6 13. b5 Be6 14. Ba3 Ne8 15. Nd2
f5 16. bxc6 bxc6 17. Ra1 Qd7 18. Rfb1 Nf6 19. Qb7 Rfd8 20. Rb6 e4 21. Bb2 Rxa1+
22. Bxa1 d5 23. cxd5 Nfxd5 24. Nxd5 Nxd5 25. Qxd7 Bxd7 26. Rb1 Bxa1 27. Rxa1
exd3 28. exd3 Nb4 29. Nc4 Re8 30. f4 Nxd3 31. Nb6 Be6 32. Bxc6 Rb8 33. Nd5 Nb4
34. Nxb4 1/2-1/2

[Event "15. Obert Internacional Pobla de Lillet"]
[Site "Pobla de Lillet ESP"]
[Date "2005.08.05"]
[Round "4.13"]
[White "Trias Fernandes, Ramon"]
[Black "Fabre Massana, Miquel"]
[Result "0-1"]
[WhiteElo "2045"]
[BlackElo "2136"]
[PlyCount "66"]
[EventDate "2005.08.02"]
[EventType "swiss"]
[EventRounds "9"]
[EventCountry "ESP"]
[SourceTitle "Ajedrez en Madrid"]
[Source "lmi"]
[SourceDate "2005.08.11"]
[SourceVersion "1"]
[SourceVersionDate "2020.06.30"]
[SourceQuality "1"]

1. e4 e5 2. Nf3 Nc6 3. Bb5 a6 4. Ba4 f5 5. d3 Nf6 6. Nc3 d6 7. Qe2 Be7 8. Bb3
Na5 9. O-O Nxb3 10. axb3 O-O 11. d4 fxe4 12. Nxe4 exd4 13. Nxd4 Nxe4 14. Qxe4
d5 15. Qe2 Bc5 16. c3 Qf6 17. Be3 Bd7 18. Qd2 c6 19. Rfe1 Rf7 20. Nf3 Bd6 21.
Bd4 Qf5 22. Ne5 Re7 23. g4 Qe6 24. h3 Rae8 25. Nf3 Qf7 26. Rxe7 Rxe7 27. Kg2 c5
28. Be3 Bc6 29. Qd1 d4 30. cxd4 cxd4 31. Bd2 Re8 32. b4 Rf8 33. Ra3 a5 0-1

[Event "15. Obert Internacional Pobla de Lillet"]
[Site "Pobla de Lillet ESP"]
[Date "2005.08.05"]
[Round "4.14"]
[White "Garcia Galeote, Lorenzo"]
[Black "Miralles Brugues, Rafael"]
[Result "1/2-1/2"]
[WhiteElo "2110"]
[BlackElo "2059"]
[PlyCount "84"]
[EventDate "2005.08.02"]
[EventType "swiss"]
[EventRounds "9"]
[EventCountry "ESP"]
[SourceTitle "Ajedrez en Madrid"]
[Source "lmi"]
[SourceDate "2005.08.11"]
[SourceVersion "1"]
[SourceVersionDate "2020.06.30"]
[SourceQuality "1"]

1. d4 c6 2. c4 Nf6 3. Nc3 d5 4. cxd5 cxd5 5. Nf3 e6 6. Bf4 Bd6 7. Bxd6 Qxd6 8.
e3 Nc6 9. Bd3 Nb4 10. Bb1 Qa6 11. Qa4+ Qxa4 12. Nxa4 Bd7 13. Nc3 Ke7 14. a3 Nc6
15. Bd3 Rac8 16. Ke2 Ne8 17. Rhc1 Na5 18. Nd2 Nd6 19. b4 Nac4 20. a4 Nxd2 21.
Kxd2 Nc4+ 22. Bxc4 Rxc4 23. b5 Rhc8 24. Ne2 g5 25. Ra3 Rxc1 26. Nxc1 Kd6 27.
Rc3 Ra8 28. Rb3 a6 29. bxa6 Rxa6 30. Rxb7 Rxa4 31. Nd3 Ra2+ 32. Rb2 Rxb2+ 33.
Nxb2 f6 34. f4 e5 35. dxe5+ fxe5 36. fxg5 Bc6 37. h4 d4 38. h5 Bxg2 39. g6 Be4
40. Nc4+ Ke7 41. Nxe5 dxe3+ 42. Kxe3 Bxg6 1/2-1/2

[Event "15. Obert Internacional Pobla de Lillet"]
[Site "Pobla de Lillet ESP"]
[Date "2005.08.05"]
[Round "4.15"]
[White "Diaz Lopez, Pedro"]
[Black "Ruiz Manchon, Francesc Xavier"]
[Result "1/2-1/2"]
[WhiteElo "2040"]
[BlackElo "2101"]
[PlyCount "29"]
[EventDate "2005.08.02"]
[EventType "swiss"]
[EventRounds "9"]
[EventCountry "ESP"]
[SourceTitle "Ajedrez en Madrid"]
[Source "lmi"]
[SourceDate "2005.08.11"]
[SourceVersion "1"]
[SourceVersionDate "2020.06.30"]
[SourceQuality "1"]

1. d4 Nf6 2. c4 c5 3. e3 e6 4. Nf3 d5 5. Nc3 Nc6 6. Bd3 Be7 7. O-O O-O 8. a3 a6
9. h3 dxc4 10. Bxc4 b5 11. Bd3 Bb7 12. dxc5 Bxc5 13. b4 Be7 14. Bb2 Rc8 15. Rc1
1/2-1/2

[Event "15. Obert Internacional Pobla de Lillet"]
[Site "Pobla de Lillet ESP"]
[Date "2005.08.05"]
[Round "4.38"]
[White "Puertas Rodriguez, Xavier"]
[Black "Parayre Soguero, Jordi"]
[Result "0-1"]
[WhiteElo "1915"]
[BlackElo "1997"]
[PlyCount "84"]
[EventDate "2005.08.02"]
[EventType "swiss"]
[EventRounds "9"]
[EventCountry "ESP"]
[SourceTitle "Ajedrez en Madrid"]
[Source "lmi"]
[SourceDate "2005.08.11"]
[SourceVersion "1"]
[SourceVersionDate "2020.06.30"]
[SourceQuality "1"]

1. e4 c5 2. Nf3 e6 3. d4 cxd4 4. Nxd4 a6 5. c4 Nf6 6. Bd3 Qc7 7. Be3 Bb4+ 8.
Nd2 O-O 9. O-O Nc6 10. Nxc6 dxc6 11. f4 Rd8 12. Bc2 Bxd2 13. Bxd2 Qb6+ 14. Kh1
Qxb2 15. Bc3 Rxd1 16. Bxb2 Rxf1+ 17. Rxf1 Bd7 18. Bxf6 gxf6 19. c5 Rd8 20. Rd1
Kf8 21. Kg1 Ke7 22. Kf2 Rg8 23. Rd3 e5 24. f5 Rd8 25. Rh3 Bxf5 26. exf5 Rd2+
27. Kf3 Rxc2 28. Rxh7 Rxc5 29. Rh8 Rc3+ 30. Ke4 Rc2 31. h4 Rxg2 32. h5 Rxa2 33.
h6 Rh2 34. h7 b5 35. Kf3 a5 36. Kg3 Rh1 37. Kg2 Rh5 38. Kg3 a4 39. Kg4 Rh1 40.
Rc8 Rxh7 41. Rxc6 Rg7+ 42. Kf3 Rg5 0-1

[Event "15. Obert Internacional Pobla de Lillet"]
[Site "Pobla de Lillet ESP"]
[Date "2005.08.06"]
[Round "5.1"]
[White "Movsziszian, Karen"]
[Black "Hanley, Craig"]
[Result "1/2-1/2"]
[WhiteElo "2439"]
[BlackElo "2367"]
[PlyCount "45"]
[EventDate "2005.08.02"]
[EventType "swiss"]
[EventRounds "9"]
[EventCountry "ESP"]
[SourceTitle "Ajedrez en Madrid"]
[Source "lmi"]
[SourceDate "2005.08.11"]
[SourceVersion "1"]
[SourceVersionDate "2020.06.30"]
[SourceQuality "1"]

1. Nf3 Nf6 2. g3 g6 3. Bg2 Bg7 4. d4 O-O 5. O-O d6 6. a4 a5 7. c3 Nbd7 8. Nbd2
e5 9. e4 b6 10. Re1 Bb7 11. Qc2 Re8 12. dxe5 dxe5 13. b4 Nf8 14. Bb2 N6d7 15.
Nb3 Ne6 16. bxa5 Ndc5 17. Nxc5 Nxc5 18. axb6 Qd3 19. Qxd3 Nxd3 20. Reb1 Bxe4
21. Ne1 Bxg2 22. Kxg2 Nxe1+ 23. Rxe1 1/2-1/2

[Event "15. Obert Internacional Pobla de Lillet"]
[Site "Pobla de Lillet ESP"]
[Date "2005.08.06"]
[Round "5.2"]
[White "Moskalenko, Viktor"]
[Black "Kosten, Anthony C"]
[Result "0-1"]
[WhiteElo "2534"]
[BlackElo "2522"]
[PlyCount "84"]
[EventDate "2005.08.02"]
[EventType "swiss"]
[EventRounds "9"]
[EventCountry "ESP"]
[SourceTitle "Ajedrez en Madrid"]
[Source "lmi"]
[SourceDate "2005.08.11"]
[SourceVersion "1"]
[SourceVersionDate "2020.06.30"]
[SourceQuality "1"]

1. d4 Nf6 2. c4 e6 3. Nc3 Bb4 4. f3 d5 5. a3 Bxc3+ 6. bxc3 c5 7. cxd5 Nxd5 8.
dxc5 Qa5 9. e4 Ne7 10. Be3 O-O 11. Qb3 Qc7 12. Bb5 Nec6 13. f4 Na5 14. Qc2 Nd7
15. Nf3 Nxc5 16. e5 b6 17. Ng5 f5 18. O-O h6 19. Nf3 Rd8 20. Rad1 Bb7 21. Rxd8+
Rxd8 22. Rd1 Ne4 23. Rxd8+ Qxd8 24. Bf1 Qc8 25. Nd4 Bd5 26. Nb5 Bc4 27. Bd3
Bxb5 28. Bxb5 Nc4 29. Bxc4 Qxc4 30. Bd4 b5 31. g4 a5 32. gxf5 exf5 33. Qb2 Qd3
34. Qa2+ Kh7 35. Qf7 Nd2 36. h4 Qf1+ 37. Kh2 Qxf4+ 38. Kg2 Qf3+ 39. Kg1 Qf1+
40. Kh2 Qe2+ 41. Kh3 Qg4+ 42. Kh2 Nf3+ 0-1

[Event "15. Obert Internacional Pobla de Lillet"]
[Site "Pobla de Lillet ESP"]
[Date "2005.08.06"]
[Round "5.3"]
[White "Alonso Moyano, Jonathan"]
[Black "Petkov, Vladimir"]
[Result "0-1"]
[WhiteElo "2406"]
[BlackElo "2475"]
[PlyCount "48"]
[EventDate "2005.08.02"]
[EventType "swiss"]
[EventRounds "9"]
[EventCountry "ESP"]
[SourceTitle "Ajedrez en Madrid"]
[Source "lmi"]
[SourceDate "2005.08.11"]
[SourceVersion "1"]
[SourceVersionDate "2020.06.30"]
[SourceQuality "1"]

1. e4 c5 2. Nf3 d6 3. Bc4 Nc6 4. O-O Nf6 5. Qe2 Bg4 6. c3 e6 7. d3 a6 8. h3 Bh5
9. Bb3 d5 10. g4 Bg6 11. e5 Nd7 12. c4 dxc4 13. dxc4 h5 14. g5 Qc7 15. Bf4
O-O-O 16. Bh2 Bf5 17. Kg2 Be7 18. Nc3 Nf8 19. Nd5 exd5 20. cxd5 Ng6 21. d6 Bxd6
22. exd6 Qd7 23. Rfc1 Rhe8 24. Qc4 Be4 0-1